[Event "Avoine op 33rd"]
[Site "Avoine"]
[Date "2018.07.21"]
[Round "1"]
[White "Meunier Pion, Jean"]
[Black "Stankowski, Yves"]
[Result "1-0"]
[WhiteElo "2170"]
[BlackElo "1855"]
[PlyCount "89"]
[EventDate "2018.07.21"]
[EventType "swiss"]
[EventRounds "9"]
[EventCountry "FRA"]
[SourceTitle "CBM 185 Extra"]
[Source "ChessBase"]
[SourceDate "2018.07.29"]
[SourceVersion "1"]
[SourceVersionDate "2018.07.29"]
[SourceQuality "1"]

1. e4 e6 2. d4 d5 3. Nd2 Nf6 4. e5 Nfd7 5. f4 c5 6. c3 Nc6 7. Ngf3 Be7 8. g3 0-0 9. Bh3 Qb6 10. Nb3 cxd4 11. cxd4 Bb4+ 12. Bd2 a5 13. Kf2 a4 14. Nc1 f5 15. Ne2 a3 16. b3 Qa5 17. Be3 Na7 18. Rc1 Nb5 19. g4 Nb8 20. gxf5 exf5 21. Rxc8 Rxc8 22. Bxf5 Re8 23. Qd3 h6 24. Bg6 Re6 25. Qf5 Rxg6 26. Qxg6 Qa6 27. Qe8+ Bf8 28. e6 Nd6 29. Qg6 Nc6 30. Ng3 Ne7 31. Qb1 Rc8 32. f5 Rc3 33. Rg1 Qd3 34. Qxd3 Rxd3 35. Ke2 Rc3 36. f6 Rc2+ 37. Kd3 Rxa2 38. fxe7 Bxe7 39. Nd2 Kh7 40. Bf4 g6 41. Bxd6 Bxd6 42. Rf1 Bb4 43. Rf7+ Kg8 44. Nge4 dxe4+ 45. Nxe4 1-0

[Event "Saarland-ch A 85th"]
[Site "Homburg"]
[Date "2010.04.02"]
[Round "8"]
[White "Stankowski, Yves"]
[Black "Spindler, Jean Luc"]
[Result "0-1"]
[WhiteElo "1634"]
[BlackElo "1586"]
[PlyCount "98"]
[EventDate "2010.03.28"]
[EventType "swiss"]
[EventRounds "9"]
[EventCountry "GER"]
[SourceTitle "EXT 2011"]
[Source "ChessBase"]
[SourceDate "2010.11.26"]
[SourceVersion "1"]
[SourceVersionDate "2010.11.26"]
[SourceQuality "1"]

1. c4 Nf6 2. Nc3 e6 3. g3 d5 4. cxd5 exd5 5. d4 c6 6. Bg2 Bd6 7. Nf3 0-0 8. 0-0 h6 9. Qc2 Be6 10. a3 Qc8 11. e4 dxe4 12. Nxe4 Nxe4 13. Qxe4 Bd5 14. Qc2 Nd7 15. Be3 Nf6 16. Rac1 Re8 17. b4 a6 18. Nd2 Bxg2 19. Kxg2 Nd5 20. Rfe1 f5 21. Nc4 Bc7 22. Bd2 Nf6 23. Rxe8+ Qxe8 24. Qxf5 Qe2 25. Qf3 Qe6 26. Be3 Rf8 27. Qe2 Ng4 28. h3 Rxf2+ 29. Qxf2 Nxf2 30. Bxf2 Qe2 31. Ne3 Bd8 32. Re1 Qa2 33. Ng4 Qd5+ 34. Kg1 Bb6 35. Re8+ Kh7 36. Re5 Qa2 37. Re7 Qa1+ 38. Kg2 Bxd4 39. Rxb7 Bxf2 40. Nxf2 Qxa3 41. h4 a5 42. bxa5 Qxa5 43. Ne4 Qa8 44. Re7 Qd8 45. Rb7 c5 46. Ra7 Qb6 47. Re7 c4 48. Kf3 c3 49. Ke2 c2 0-1

[Event "Saarland-ch A 85th"]
[Site "Homburg"]
[Date "2010.03.31"]
[Round "6"]
[White "Stankowski, Yves"]
[Black "Buech, Christoph"]
[Result "1-0"]
[WhiteElo "1634"]
[BlackElo "1702"]
[PlyCount "69"]
[EventDate "2010.03.28"]
[EventType "swiss"]
[EventRounds "9"]
[EventCountry "GER"]
[SourceTitle "EXT 2011"]
[Source "ChessBase"]
[SourceDate "2010.11.26"]
[SourceVersion "1"]
[SourceVersionDate "2010.11.26"]
[SourceQuality "1"]

1. c4 Nf6 2. Nc3 e6 3. g3 Be7 4. Bg2 0-0 5. d4 d5 6. cxd5 Nxd5 7. e4 Nxc3 8. bxc3 Nd7 9. Ne2 Nb6 10. 0-0 Bd7 11. a4 a5 12. Qb3 Qe8 13. c4 Bxa4 14. Qa2 Bc6 15. Bf4 Bd6 16. Bxd6 cxd6 17. d5 Bd7 18. Rfb1 Na4 19. Rxb7 Rb8 20. Rxd7 Qxd7 21. Qxa4 Rb1+ 22. Bf1 Qxa4 23. Rxa4 Ra8 24. Nc3 Rb4 25. Ra1 a4 26. Nb5 exd5 27. exd5 Ra6 28. Bd3 a3 29. Bf1 Rb3 30. Nd4 Rb2 31. c5 Ra8 32. c6 a2 33. c7 Rc8 34. Nb5 f5 35. Kg2 1-0

[Event "Saarland-ch A 85th"]
[Site "Homburg"]
[Date "2010.03.29"]
[Round "4"]
[White "Lukas, Hubertus"]
[Black "Stankowski, Yves"]
[Result "0-1"]
[WhiteElo "1791"]
[BlackElo "1634"]
[PlyCount "95"]
[EventDate "2010.03.28"]
[EventType "swiss"]
[EventRounds "9"]
[EventCountry "GER"]
[SourceTitle "EXT 2011"]
[Source "ChessBase"]
[SourceDate "2010.11.26"]
[SourceVersion "1"]
[SourceVersionDate "2010.11.26"]
[SourceQuality "1"]

1. Nh3 d5 2. g3 Nf6 3. f3 Nc6 4. Nf2 e5 5. Bg2 Bc5 6. e3 0-0 7. c3 d4 8. cxd4 exd4 9. e4 d3 10. Nc3 Qd4 11. 0-0 a6 12. a3 b5 13. b4 Ba7 14. Bb2 Qd8 15. Kh1 Be6 16. Rc1 Bc4 17. Nb1 Nd4 18. Bxd4 Bxd4 19. f4 Bxf2 20. Rxf2 Qd4 21. Qf3 Rae8 22. Nc3 c6 23. g4 Nxe4 24. Nxe4 Rxe4 25. Qxe4 Qxf2 26. Qe3 Qxe3 27. dxe3 d2 28. Rd1 Rd8 29. Bf3 Bb3 30. Kg2 Bxd1 31. Bxd1 Rd3 32. Kf3 Rxa3 33. Ke2 Ra2 34. h4 Kf8 35. Kd3 Ke7 36. Kc3 Kd6 37. g5 h6 38. e4 f6 39. Kd4 Ra1 40. e5+ Ke7 41. exf6+ gxf6 42. gxh6 Kf8 43. Ke4 Rxd1 44. Kf5 Rg1 45. Kxf6 d1Q 46. h7 Qd4+ 47. Ke6 Kg7 48. f5 0-1

[Event "Saarland-ch A 85th"]
[Site "Homburg"]
[Date "2010.03.28"]
[Round "3"]
[White "Stankowski, Yves"]
[Black "Hoefer, Michael"]
[Result "1-0"]
[WhiteElo "1634"]
[BlackElo "1430"]
[PlyCount "35"]
[EventDate "2010.03.28"]
[EventType "swiss"]
[EventRounds "9"]
[EventCountry "GER"]
[SourceTitle "EXT 2011"]
[Source "ChessBase"]
[SourceDate "2010.11.26"]
[SourceVersion "1"]
[SourceVersionDate "2010.11.26"]
[SourceQuality "1"]

1. c4 e5 2. Nc3 f5 3. g3 Nf6 4. Bg2 Bc5 5. e3 e4 6. Nge2 Nc6 7. 0-0 0-0 8. d3 exd3 9. Qxd3 d6 10. a3 Be6 11. Nf4 Bf7 12. Ncd5 Ne5 13. Qc2 c6 14. Nxf6+ Qxf6 15. b3 Nxc4 16. bxc4 Qxa1 17. Bb2 Qa2 18. Qc3 1-0

[Event "FICGS W-ch st1 g01 email"]
[Site "FICGS email"]
[Date "2009.11.02"]
[Round "1"]
[White "Domanov, Dmitry"]
[Black "Stankowski, Yves"]
[Result "1-0"]
[WhiteElo "2271"]
[BlackElo "1790"]
[PlyCount "43"]
[EventDate "2009.??.??"]
[EventType "tourn (corr)"]
[EventRounds "8"]
[SourceTitle "Corr 2022"]
[Source "ChessBase"]
[SourceDate "2021.10.24"]
[SourceVersion "1"]
[SourceVersionDate "2021.10.24"]
[SourceQuality "1"]

1. e4 c5 2. Nf3 Nc6 3. Bb5 g6 4. 0-0 Bg7 5. c3 e6 6. d4 cxd4 7. cxd4 d5 8. Nc3 dxe4 9. Bxc6+ bxc6 10. Nxe4 Ne7 11. b3 0-0 12. Ba3 Ba6 13. Re1 Kh8 14. Rc1 Qd7 15. Ne5 Qc7 16. Bd6 Qb7 17. Nc5 Qb6 18. Bxe7 Rfe8 19. Bg5 f6 20. Bxf6 Bxf6 21. Ncd7 Qd8 22. Nf7+ 1-0

[Event "FICGS W-ch st1 g01 email"]
[Site "FICGS email"]
[Date "2009.11.02"]
[Round "1"]
[White "Stankowski, Yves"]
[Black "Rakovic, Miroslav"]
[Result "0-1"]
[WhiteElo "1790"]
[BlackElo "1962"]
[PlyCount "32"]
[EventDate "2009.??.??"]
[EventType "tourn (corr)"]
[EventRounds "8"]
[SourceTitle "Corr 2022"]
[Source "ChessBase"]
[SourceDate "2021.10.24"]
[SourceVersion "1"]
[SourceVersionDate "2021.10.24"]
[SourceQuality "1"]

1. c4 Nf6 2. Nc3 g6 3. g3 Bg7 4. Bg2 0-0 5. Nf3 d6 6. 0-0 e5 7. e3 Nc6 8. d4 Bg4 9. h3 Bxf3 10. Bxf3 Nd7 11. b3 exd4 12. exd4 Bxd4 13. Bxc6 Bxc3 14. Bh6 bxc6 15. Bxf8 Bxa1 16. Qxa1 Qxf8 0-1

[Event "FICGS rapid B 000128 email"]
[Site "FICGS email"]
[Date "2009.10.09"]
[Round "1"]
[White "Stankowski, Yves"]
[Black "Faust, Dieter"]
[Result "0-1"]
[WhiteElo "1790"]
[BlackElo "1792"]
[PlyCount "54"]
[EventDate "2009.??.??"]
[EventType "tourn (rapid)"]
[EventRounds "6"]
[SourceTitle "Corr 2022"]
[Source "ChessBase"]
[SourceDate "2021.10.24"]
[SourceVersion "1"]
[SourceVersionDate "2021.10.24"]
[SourceQuality "1"]

1. c4 Nf6 2. Nc3 g6 3. g3 Bg7 4. Bg2 0-0 5. d4 d6 6. e4 c5 7. d5 e6 8. Nge2 exd5 9. exd5 Nbd7 10. 0-0 Ne5 11. b3 Bf5 12. Bb2 Nd3 13. Qd2 Re8 14. Nf4 Nxb2 15. Qxb2 Qa5 16. Rac1 Ne4 17. Bxe4 Rxe4 18. Qd2 Rd4 19. Qe3 Be5 20. Rfe1 Bxf4 21. gxf4 Rd3 22. Qe7 Rxc3 23. Qxb7 Rc8 24. Rcd1 Qxa2 25. Re7 Rf3 26. Rf1 Rf8 27. Qc7 Bh3 0-1

[Event "FICGS rapid B 000128 email"]
[Site "FICGS email"]
[Date "2009.10.09"]
[Round "1"]
[White "Stankowski, Yves"]
[Black "Geguchadze, Sandro"]
[Result "1-0"]
[WhiteElo "1790"]
[BlackElo "1800"]
[PlyCount "31"]
[EventDate "2009.??.??"]
[EventType "tourn (rapid)"]
[EventRounds "6"]
[SourceTitle "Corr 2022"]
[Source "ChessBase"]
[SourceDate "2021.10.24"]
[SourceVersion "1"]
[SourceVersionDate "2021.10.24"]
[SourceQuality "1"]

1. c4 Nf6 2. Nc3 e5 3. g3 c6 4. Bg2 d5 5. b3 Bf5 6. Nf3 d4 7. Na4 Bb4 8. 0-0 e4 9. d3 exf3 10. Bxf3 0-0 11. Bd2 a5 12. Bxb4 axb4 13. Qd2 Qa5 14. a3 bxa3 15. Qxa5 Rxa5 16. Ra2 1-0